000
00259nam a22001217a 4500
008
170822b xxu||||| |||| 00| 0 eng d
041
_a
eng
080
_a
51
100
_a
38
101
_a
MAT
245
_a
PATTY PAPER GEOMERY
_c
SERRA.M
942
_2
udc
_c
BK
999
_c
24514
_d
24514